| 000 | 00398nam a22001697a 4500 | ||
|---|---|---|---|
| 999 |
_c10614 _d10614 |
||
| 003 | OSt | ||
| 008 | 210408b ||||| |||| 00| 0 eng d | ||
| 020 | _a9789353396961 | ||
| 100 | _aFADIA,BL | ||
| 245 | _aInternational Politics | ||
| 250 | _a21th Revised Ed. | ||
| 260 |
_aAgra _bSahitya Bhawan _c2020 |
||
| 300 | _a650 | ||
| 650 | _aBAHONSENG | ||
| 700 | _aFADIA,Kuldeep | ||
| 942 |
_2ddc _cBK _02 |
||